Countries of Oceania in French - Statistics

General Stats
  • This quiz has been taken 50 times
    44 since last reset
  • The average score is 12 of 14
Answer Stats
Hint Answer % Correct
Australia Australie
100%
Kiribati Kiribati
95%
Micronesia Micronésie
95%
Nauru Nauru
95%
Samoa Samoa
95%
Tonga Tonga
95%
Tuvalu Tuvalu
95%
Vanuatu Vanuatu
95%
Fiji Fidji
90%
New Zealand Nouvelle-Zélande
90%
Papua New Guinea Papouasie-Nouvelle-Guinée
75%
Marshall Islands Îles Marshall
70%
Solomon Islands Îles Salomon
60%
Palau Palaos
55%
No matching quizzes found
Score Distribution
Percent of People with Each Score
Percentile by Number Answered
Your Score History
You have not taken this quiz since the last reset